00257nam a2200109Ia 4500008004100000100002400041245002300065260002500088650001000113942000700123999001700130190216s9999||||xx |||||||||||||| ||und|| aDevaki Nandan Vibov 0aHindi-Sofal Jeevan bPragathi Prakashan aHindi cBK c15274d15274